[Event "Zalakaros Barczay Memorial 2020"]
[Site "Zalakaros"]
[Date "2020.09.02"]
[Round "3.7"]
[White "Metaxasz, Vaszilisz"]
[Black "Hardicsay, Peter"]
[Result "1/2-1/2"]
[WhiteElo "2039"]
[BlackElo "2196"]
[Annotator "ChessBase"]
[PlyCount "30"]
[EventDate "2020.08.31"]
[EventType "swiss"]
[EventCountry "HUN"]
[SourceTitle "playchess.com"]
[Source "ChessBase"]
[SourceQuality "1"]
[TimeControl "40/5400+30:1800+30"]

1. c4 {[%emt 0:00:03]} e5 {[%emt 0:00:45]} 2. g3 {[%emt 0:00:12]} Nf6 {[%emt 0:00:43]} 3. Bg2 {[%emt 0:00:12]} c6 {[%emt 0:02:11]} 4. d4 {[%emt 0:03:14]} Bb4+ {[%emt 0:02:37]} 5. Bd2 {[%emt 0:00:21]} Bxd2+ {[%emt 0:00:54]} 6. Qxd2 {[%emt 0:00:16]} d6 {[%emt 0:00:18]} 7. Nc3 {[%emt 0:02:20]} Qe7 {[%emt 0:07:47]} 8. dxe5 {[%emt 0:11:41]} dxe5 {[%emt 0:03:51]} 9. Rd1 {[%emt 0:03:31]} Be6 {[%emt 0:13:59]} 10. Nf3 {[%emt 0:03:38]} Nbd7 {[%emt 0:01:24]} 11. b3 {[%emt 0:04:50]} O-O {[%emt 0:01:44]} 12. O-O {[%emt 0:00:37]} h6 {[%emt 0:01:13]} 13. Qd6 Rfe8 {[%emt 0:03:27]} 14. Qxe7 {[%emt 0:15:42]} Rxe7 {[%emt 0:00:11]} 15. Nd2 {[%emt 0:00:25]} Bf5 {[%emt 0:05:04]} 1/2-1/2

[Event "Zalakaros Barczay Memorial 2020"]
[Site "Zalakaros"]
[Date "2020.09.02"]
[Round "3.8"]
[White "Bodrogi, Bendeguz"]
[Black "Ilyes, Peter"]
[Result "1-0"]
[WhiteElo "2078"]
[BlackElo "1902"]
[Annotator "ChessBase"]
[PlyCount "65"]
[EventDate "2020.08.31"]
[EventType "swiss"]
[EventCountry "HUN"]
[SourceTitle "playchess.com"]
[Source "ChessBase"]
[SourceQuality "1"]
[TimeControl "40/5400+30:1800+30"]

1. c4 {[%emt 0:00:04]} f5 {[%emt 0:00:19]} 2. Nc3 {[%emt 0:01:11]} Nf6 {[%emt 0:00:11]} 3. d4 {[%emt 0:00:18]} e6 {[%emt 0:00:59]} 4. g3 {[%emt 0:00:13]} Bb4 {[%emt 0:00:52]} 5. Bg2 {[%emt 0:00:25]} O-O {[%emt 0:02:35]} 6. Nf3 {[%emt 0:01:27]} Ne4 {[%emt 0:17:14]} 7. Bd2 {[%emt 0:01:57]} Bxc3 {[%emt 0:06:36]} 8. Bxc3 {[%emt 0:00:34]} d6 {[%emt 0:00:31]} 9. O-O {[%emt 0:00:23]} Nxc3 {[%emt 0:01:42]} 10. bxc3 {[%emt 0:00:22]} Nd7 {[%emt 0:02:25]} 11. Rb1 {[%emt 0:01:52]} c6 {[%emt 0:16:25]} 12. Qc2 {[%emt 0:02:15]} e5 {[%emt 0:02:26]} 13. e4 {[%emt 0:12:53]} f4 {[%emt 0:02:08]} 14. c5 {[%emt 0:00:54]} dxc5 {[%emt 0:07:58]} 15. dxe5 {[%emt 0:02:18]} Qe7 {[%emt 0:01:40]} 16. Qd2 {[%emt 0:16:38]} fxg3 {[%emt 0:05:58]} 17. hxg3 {[%emt 0:00:09]} Nxe5 {[%emt 0:01:31]} 18. Nxe5 {[%emt 0:01:31]} Qxe5 {[%emt 0:00:03]} 19. Rfd1 {[%emt 0:00:36]} Qf6 {[%emt 0:03:05]} 20. Qe3 {[%emt 0:00:59]} b6 {[%emt 0:07:29]} 21. e5 {[%emt 0:03:05]} Qe6 {[%emt 0:01:14]} 22. Rd6 {[%emt 0:05:09]} Qxa2 {[%emt 0:00:04]} 23. Rbd1 {[%emt 0:00:10]} Be6 {[%emt 0:03:51]} 24. Bxc6 {[%emt 0:00:37]} Qb3 {[%emt 0:05:53]} 25. Qd2 {[%emt 0:02:05]} Bc4 {[%emt 0:01:17]} 26. Bxa8 {[%emt 0:00:25]} Rxa8 {[%emt 0:00:02]} 27. Rd8+ {[%emt 0:00:14]} Rxd8 {[%emt 0:00:04]} 28. Qxd8+ {[%emt 0:00:22]} Kf7 {[%emt 0:00:06]} 29. Qd7+ {[%emt 0:01:08]} Kf8 {[%emt 0:02:46]} 30. Qc8+ {[%emt 0:03:04]} Kf7 {[%emt 0:00:23]} 31. Rd7+ {[%emt 0:01:56]} Kg6 {[%emt 0:00:16]} 32. Rd6+ {[%emt 0:00:07]} Kg5 {[%emt 0:02:00]} 33. f4+ {[%emt 0:00:14]} 1-0

[Event "Zalakaros Barczay Memorial 2020"]
[Site "Zalakaros"]
[Date "2020.09.02"]
[Round "3.9"]
[White "Somogyi, Gabor"]
[Black "Piroska, Istvan"]
[Result "0-1"]
[WhiteElo "1830"]
[BlackElo "2131"]
[Annotator "ChessBase"]
[PlyCount "106"]
[EventDate "2020.08.31"]
[EventType "swiss"]
[EventCountry "HUN"]
[SourceTitle "playchess.com"]
[Source "ChessBase"]
[SourceQuality "1"]
[TimeControl "40/5400+30:1800+30"]

1. Nf3 {[%emt 0:00:08]} d5 {[%emt 0:00:15]} 2. d4 {[%emt 0:00:27]} Nf6 {[%emt 0:00:19]} 3. c4 {[%emt 0:00:44]} dxc4 {[%emt 0:00:18]} 4. Nc3 {[%emt 0:00:24]} a6 {[%emt 0:00:23]} 5. a4 {[%emt 0:00:10]} Nc6 {[%emt 0:00:59]} 6. e3 {[%emt 0:09:46]} Na5 {[%emt 0:00:36]} 7. Ne5 {[%emt 0:02:36]} Bf5 {[%emt 0:01:58]} 8. Nxc4 {[%emt 0:04:17]} Nxc4 {[%emt 0:00:38]} 9. Bxc4 {[%emt 0:00:02]} e6 {[%emt 0:01:01]} 10. f3 {[%emt 0:09:23]} c5 {[%emt 0:08:41]} 11. dxc5 {[%emt 0:05:54]} Qxd1+ {[%emt 0:02:16]} 12. Nxd1 {[%emt 0:08:16]} Bxc5 {[%emt 0:00:20]} 13. e4 {[%emt 0:00:15]} Bg6 {[%emt 0:00:29]} 14. Be3 {[%emt 0:06:58]} Rc8 {[%emt 0:00:56]} 15. Bxc5 {[%emt 0:05:53]} Rxc5 {[%emt 0:01:10]} 16. Bb3 {[%emt 0:02:55]} Ke7 {[%emt 0:00:49]} 17. Nc3 {[%emt 0:00:14]} Nd7 {[%emt 0:02:29]} 18. O-O {[%emt 0:03:32]} Ne5 {[%emt 0:00:41]} 19. Rfd1 {[%emt 0:02:09]} Rd8 {[%emt 0:01:22]} 20. Rxd8 {[%emt 0:00:58]} Kxd8 {[%emt 0:00:11]} 21. Rd1+ {[%emt 0:00:28]} Ke7 {[%emt 0:02:33]} 22. Rd4 {[%emt 0:07:45]} f6 {[%emt 0:02:30]} 23. Rb4 {[%emt 0:06:14]} Rc7 {[%emt 0:02:33]} 24. Rb6 {[%emt 0:00:12]} Bf7 {[%emt 0:00:14]} 25. Ne2 {[%emt 0:08:53]} Nd7 {[%emt 0:01:10]} 26. Rb4 {[%emt 0:00:23]} Nc5 {[%emt 0:01:10]} 27. Rb6 {[%emt 0:05:11]} Nxb3 {[%emt 0:04:15]} 28. Rxb3 {[%emt 0:00:03]} e5 {[%emt 0:00:16]} 29. Rb6 {[%emt 0:04:16]} Rd7 {[%emt 0:00:53]} 30. Nc3 {[%emt 0:00:41]} Kd8 {[%emt 0:00:15]} 31. a5 {[%emt 0:04:24]} Kc7 {[%emt 0:00:44]} 32. Na4 {[%emt 0:00:41]} Rd1+ {[%emt 0:07:32]} 33. Kf2 {[%emt 0:00:01]} Rc1 {[%emt 0:00:15]} 34. b4 {[%emt 0:00:27]} Rc2+ {[%emt 0:03:39]} 35. Kg3 {[%emt 0:00:30]} Bc4 {[%emt 0:03:01]} 36. Nc5 {[%emt 0:00:50]} Bf1 {[%emt 0:01:47]} 37. f4 {[%emt 0:01:51]} Kc8 {[%emt 0:03:17]} 38. fxe5 {[%emt 0:00:37]} fxe5 {[%emt 0:00:11]} 39. Nxb7 {[%emt 0:00:14]} Rxg2+ {[%emt 0:00:24]} 40. Kf3 {[%emt 0:00:00]} Rxh2 {[%emt 0:00:00]} 41. Nd6+ {[%emt 0:12:33]} Kd7 {[%emt 0:02:57]} 42. Nf7 {[%emt 0:12:42]} Rh5 {[%emt 0:01:10]} 43. Rb7+ {[%emt 0:01:01]} Ke6 {[%emt 0:03:38]} 44. Nd8+ {[%emt 0:01:08]} Kf6 {[%emt 0:00:23]} 45. Rb6+ {[%emt 0:03:58]} Ke7 {[%emt 0:01:55]} 46. Nc6+ {[%emt 0:00:36]} Ke8 {[%emt 0:01:20]} 47. Rb7 {[%emt 0:01:24]} Bb5 48. Re7+ Kf8 49. Rb7 Ke8 50. Rxb5 axb5 51. a6 Rh3+ 52. Ke2 Ra3 53. Na5 Rc3 0-1

[Event "Zalakaros Barczay Memorial 2020"]
[Site "Zalakaros"]
[Date "2020.09.02"]
[Round "3.10"]
[White "Biro, Sandor"]
[Black "Csiszar, Albert"]
[Result "1-0"]
[WhiteElo "2141"]
[BlackElo "1866"]
[Annotator "ChessBase"]
[PlyCount "53"]
[EventDate "2020.08.31"]
[EventType "swiss"]
[EventCountry "HUN"]
[SourceTitle "playchess.com"]
[Source "ChessBase"]
[SourceQuality "1"]
[TimeControl "40/5400+30:1800+30"]

1. e4 {[%emt 0:01:19]} e6 {[%emt 0:00:20]} 2. Nf3 {[%emt 0:00:51]} d5 {[%emt 0:00:20]} 3. e5 {[%emt 0:01:24]} c5 {[%emt 0:00:22]} 4. b4 {[%emt 0:00:08]} c4 {[%emt 0:00:47]} 5. a3 {[%emt 0:06:15]} Bd7 {[%emt 0:05:58]} 6. d3 {[%emt 0:10:22]} b5 {[%emt 0:05:34]} 7. dxc4 {[%emt 0:02:51]} bxc4 {[%emt 0:00:23]} 8. Nc3 {[%emt 0:01:43]} Ne7 {[%emt 0:04:35]} 9. h4 {[%emt 0:06:44]} Qb6 {[%emt 0:04:12]} 10. Rb1 {[%emt 0:05:31]} a6 {[%emt 0:07:04]} 11. Be2 {[%emt 0:10:12]} Qc7 {[%emt 0:07:20]} 12. Bf4 {[%emt 0:06:00]} Ng6 {[%emt 0:03:41]} 13. Bg3 {[%emt 0:01:07]} Nc6 {[%emt 0:13:46]} 14. h5 {[%emt 0:07:48]} Ngxe5 {[%emt 0:08:49]} 15. Nxe5 {[%emt 0:00:29]} Nxe5 {[%emt 0:00:13]} 16. Nxd5 {[%emt 0:00:14]} exd5 {[%emt 0:02:16]} 17. Qxd5 {[%emt 0:00:22]} Bc6 {[%emt 0:04:00]} 18. Qxe5+ {[%emt 0:00:20]} Qxe5 {[%emt 0:00:23]} 19. Bxe5 {[%emt 0:00:10]} f6 {[%emt 0:00:00]} 20. Bc3 {[%emt 0:04:10]} Bxg2 {[%emt 0:00:34]} 21. Rh4 {[%emt 0:00:11]} a5 {[%emt 0:10:11]} 22. f3 {[%emt 0:05:10]} axb4 {[%emt 0:01:03]} 23. axb4 {[%emt 0:00:23]} Ra3 {[%emt 0:03:55]} 24. Kd2 {[%emt 0:02:45]} f5 {[%emt 0:01:27]} 25. Rg1 {[%emt 0:05:37]} Be7 {[%emt 0:01:52]} 26. Rxc4 {[%emt 0:05:56]} Bg5+ {[%emt 0:01:04]} 27. f4 {[%emt 0:00:51]} 1-0

[Event "Zalakaros Barczay Memorial 2020"]
[Site "Zalakaros"]
[Date "2020.09.02"]
[Round "3.11"]
[White "Alexandrova, Angelina"]
[Black "Boronyak, Arpad"]
[Result "1/2-1/2"]
[WhiteElo "1815"]
[BlackElo "2120"]
[Annotator "NA"]
[PlyCount "61"]
[EventDate "2020.08.31"]
[EventType "swiss"]
[EventCountry "HUN"]
[SourceTitle "playchess.com"]
[Source "ChessBase"]
[SourceQuality "1"]
[TimeControl "40/5400+30:1800+30"]

1. Nf3 {[%emt 0:00:37]} Nf6 {[%emt 0:00:26]} 2. d4 {[%emt 0:00:09]} d6 {[%emt 0:00:26]} 3. c4 {[%emt 0:00:30]} g6 {[%emt 0:00:08]} 4. g3 {[%emt 0:00:07]} Bg7 {[%emt 0:00:06]} 5. Bg2 {[%emt 0:00:07]} O-O {[%emt 0:01:25]} 6. O-O {[%emt 0:00:16]} Nc6 {[%emt 0:01:17]} 7. Nc3 {[%emt 0:02:33]} e5 {[%emt 0:03:07]} 8. d5 {[%emt 0:07:29]} Ne7 {[%emt 0:01:41]} 9. e4 {[%emt 0:03:39]} Bd7 {[%emt 0:00:18]} 10. b4 {[%emt 0:03:10]} a5 {[%emt 0:00:39]} 11. Qb3 {[%emt 0:06:12]} axb4 {[%emt 0:02:17]} 12. Qxb4 {[%emt 0:00:11]} b6 {[%emt 0:00:16]} 13. a4 {[%emt 0:03:36]} Qc8 {[%emt 0:05:12]} ({Black should play} 13... Bc8 $11) 14. Bb2 {[%emt 0:18:27]} Bh3 {[%emt 0:08:00]} 15. Nxe5 $1 {[%emt 0:05:36]} Bxg2 {[%emt 0:06:43]} 16. Kxg2 $14 {[%emt 0:00:24]} Re8 {[%emt 0:44:00]} 17. Nd3 {[%emt 0:03:58]} h5 {[%emt 0:02:09]} 18. f3 {[%emt 0:12:09]} g5 {[%emt 0:01:36]} 19. a5 {[%emt 0:01:29]} bxa5 {[%emt 0:01:30]} 20. Rxa5 {[%emt 0:00:13]} Rxa5 {[%emt 0:00:52]} 21. Qxa5 {[%emt 0:00:07]} g4 {[%emt 0:00:04]} 22. Nb5 {[%emt 0:06:55]} gxf3+ {[%emt 0:01:15]} 23. Rxf3 {[%emt 0:00:05]} Nxe4 {[%emt 0:00:09]} 24. Bxg7 {[%emt 0:00:19]} Kxg7 {[%emt 0:00:16]} 25. Nxc7 {[%emt 0:01:23]} Rf8 {[%emt 0:02:31]} 26. Re3 {[%emt 0:13:02]} Qf5 {[%emt 0:04:08]} 27. Qe1 {[%emt 0:02:06]} Ng5 {[%emt 0:00:06]} 28. Nf4 {[%emt 0:02:13]} Ng6 {[%emt 0:00:22]} 29. Nxg6 {[%emt 0:02:44]} Kxg6 {[%emt 0:00:48]} 30. Nb5 {[%emt 0:01:39]} Ra8 {[%emt 0:04:00]} 31. Na3 {[%emt 0:02:19]} 1/2-1/2

[Event "Zalakaros Barczay Memorial 2020"]
[Site "Zalakaros"]
[Date "2020.09.03"]
[Round "4.1"]
[White "Kaczur, Florian"]
[Black "Aczel, Gergely"]
[Result "1-0"]
[WhiteElo "2488"]
[BlackElo "2532"]
[Annotator "RC"]
[PlyCount "81"]
[EventDate "2020.08.31"]
[EventType "swiss"]
[EventCountry "HUN"]
[SourceTitle "playchess.com"]
[Source "ChessBase"]
[SourceQuality "1"]
[TimeControl "40/5400+30:1800+30"]

1. e4 {[%emt 0:00:06]} c5 {[%emt 0:00:04]} 2. Nf3 {[%emt 0:00:19]} d6 {[%emt 0:00:02]} 3. d4 {[%emt 0:01:36]} cxd4 {[%emt 0:00:03]} 4. Nxd4 {[%emt 0:00:15]} Nf6 {[%emt 0:00:03]} 5. Nc3 {[%emt 0:00:07]} a6 {[%emt 0:00:04]} 6. Bg5 {[%emt 0:03:58]} e6 {[%emt 0:00:08]} 7. f4 {[%emt 0:00:39]} Be7 {[%emt 0:00:15]} 8. Qf3 {[%emt 0:02:01]} Nbd7 {[%emt 0:00:58]} 9. O-O-O {[%emt 0:01:02]} Qc7 {[%emt 0:00:03]} 10. g4 {[%emt 0:01:29]} b5 {[%emt 0:02:13]} 11. Bxf6 {[%emt 0:01:37]} Nxf6 {[%emt 0:00:03]} 12. g5 {[%emt 0:00:06]} Nd7 {[%emt 0:00:06]} 13. f5 {[%emt 0:01:33]} O-O {[%emt 0:00:07]} 14. Rg1 {[%emt 0:00:52]} b4 {[%emt 0:00:09]} 15. Nce2 {[%emt 0:00:30]} e5 {[%emt 0:00:03]} 16. f6 {[%emt 0:00:07]} exd4 {[%emt 0:00:12]} 17. fxe7 {[%emt 0:00:05]} Re8 {[%emt 0:00:07]} 18. Nxd4 {[%emt 0:00:47]} Ne5 {[%emt 0:00:04]} 19. Qf4 {[%emt 0:00:13]} Be6 {[%emt 0:01:17]} 20. Kb1 {[%emt 0:00:41]} Rxe7 {[%emt 0:01:39]} 21. h4 {[%emt 0:01:10]} a5 {[%emt 0:23:20]} 22. Rg2 {[%emt 0:03:39]} a4 {[%emt 0:03:36]} 23. Rgd2 {[%emt 0:22:34]} a3 {[%emt 0:11:58]} 24. Nxe6 {[%emt 0:06:27]} Rxe6 {[%emt 0:00:19]} 25. Rd4 {[%emt 0:06:44]} Rb8 {[%emt 0:36:13]} 26. Be2 {[%emt 0:05:25]} axb2 {[%emt 0:02:38]} 27. Qd2 {[%emt 0:00:34]} Rb6 {[%emt 0:04:54]} 28. Rxb4 {[%emt 0:01:44]} Rc6 {[%emt 0:00:31]} 29. Bb5 {[%emt 0:09:54]} Rc5 {[%emt 0:02:16]} 30. Ba4 {[%emt 0:02:51]} Nc6 {[%emt 0:03:57]} 31. Rb5 {[%emt 0:06:49]} g6 {[%emt 0:00:02]} 32. Rxc5 {[%emt 0:00:38]} dxc5 {[%emt 0:00:02]} 33. Qd7 {[%emt 0:08:29]} Qxd7 {[%emt 0:00:32]} 34. Rxd7 {[%emt 0:00:05]} Ne5 {[%emt 0:03:07]} 35. Rc7 {[%emt 0:02:32]} Nf3 {[%emt 0:04:04]} 36. Bc6 {[%emt 0:03:06]} Nxh4 {[%emt 0:00:10]} 37. Bd5 {[%emt 0:00:40]} Re5 {[%emt 0:01:48]} 38. a4 {[%emt 0:00:57]} Ng2 {[%emt 0:01:13]} 39. a5 {[%emt 0:01:15]} Ne3 {[%emt 0:00:03]} 40. a6 {[%emt 0:00:00]} Nxd5 {[%emt 0:00:00]} 41. exd5 {[%emt 0:02:58]} 1-0

[Event "Zalakaros Barczay Memorial 2020"]
[Site "Zalakaros"]
[Date "2020.09.03"]
[Round "4.2"]
[White "Dobos, Jozsef"]
[Black "Horvath, Adam"]
[Result "1/2-1/2"]
[WhiteElo "2254"]
[BlackElo "2497"]
[Annotator "TA"]
[PlyCount "76"]
[EventDate "2020.08.31"]
[EventType "swiss"]
[EventCountry "HUN"]
[SourceTitle "playchess.com"]
[Source "ChessBase"]
[SourceQuality "1"]

{[%evp 17,76,-8,-10,-6,-14,-14,0,0,0,-16,-16,-29,0,-2,7,0,0,0,0,0,8,18,18,24,26,11,16,0,14,10,6,1,1,8,15,0,89,2,0,1,531,527,516,516,484,92,79,58,51,23,55,46,39,36,43,43,72,72,133,59,74]} 1. Nf3 c5 2. g3 Nc6 3. Bg2 g6 4. O-O Bg7 5. d3 e5 6. c4 Nge7 7. Nc3 d6 8. Ne1 Be6 9. Nd5 $1 {[%mdl 4] outshines the older 9.Nc2.} O-O 10. Nc2 $1 {A37: Symmetrical English vs ...g6: 4 Bg2 Bg7 5 Nf3.} Rb8 11. Bg5 {was the old line (11.a4).} f6 12. Bd2 {The position is equal.} b5 13. b3 Qd7 14. Bc3 f5 15. f4 {[#]} Kh8 $146 (15... Rf7 {is interesting.} 16. Qd2 b4 17. Bb2 a5 18. Rab1 Nd4) ({Predecessor:} 15... bxc4 16. bxc4 Nd4 17. e3 Bxd5 18. cxd5 Nb5 19. Bb2 exf4 20. Bxg7 Kxg7 21. Rxf4 Nc3 {1-0 (41) Dizdarevic,E (2505)-Mijailovic,Z (2330) Banja Vrucica 1991}) 16. Nxe7 (16. Bb2 {with more complications.} Kg8 17. Rb1 Nd4 18. e3 Nxc2 19. Qxc2 Nc6 20. Qd2) 16... Nxe7 17. fxe5 dxe5 18. cxb5 f4 19. gxf4 exf4 20. Bxg7+ Kxg7 21. Qd2 $36 {[%mdl 2048] White is pushing.} Nd5 22. e4 fxe3 23. Nxe3 Nf4 24. Nf5+ Rxf5 25. Rxf4 Rxb5 26. Re1 a5 (26... Rxf4 $11 {remains equal.} 27. Qxf4 Rb6) 27. Qe3 (27. Qc3+ $16 Kg8 28. Rxf5 gxf5 29. Kh1) 27... Rxf4 $11 28. Qxf4 {Hoping for Qe5+.} Rb4 $2 {[%mdl 8192]} (28... Bf7 $11) 29. Qe5+ $18 {[%mdl 64] Double Attack} Kf7 {[#]} 30. Rf1+ $1 Kg8 31. Qxc5 $2 (31. Rf6 $18 {and the rest is easy.}) 31... Qd4+ $16 32. Qxd4 Rxd4 {[%mdl 4096] Endgame KRB-KRB} 33. Be4 (33. Rf6 $5 {[%cal Rf6e6]} Bf5 34. Ra6 $14) 33... a4 34. Rf6 Bf5 35. Bxf5 gxf5 36. Rxf5 Rxd3 37. bxa4 Ra3 (37... Kg7 $142) 38. Rf2 (38. a5 $16) 38... Kg7 {Accuracy: White = 71%, Black = 69%.} 1/2-1/2

[Event "Zalakaros Barczay Memorial 2020"]
[Site "Zalakaros"]
[Date "2020.09.03"]
[Round "4.3"]
[White "Pasztor, Ferenc"]
[Black "Leszko, Bence"]
[Result "1/2-1/2"]
[WhiteElo "2231"]
[BlackElo "2305"]
[Annotator "TA"]
[PlyCount "144"]
[EventDate "2020.08.31"]
[EventType "swiss"]
[EventCountry "HUN"]
[SourceTitle "playchess.com"]
[Source "ChessBase"]
[SourceQuality "1"]

{[%evp 17,144,-6,-14,-11,-7,-21,-19,-17,-6,-8,-1,-10,-15,-16,-18,-25,-12,-12,-14,-13,-16,-10,0,0,0,0,0,0,0,0,0,0,0,-4,-2,-20,-29,-18,0,-7,0,0,0,0,0,-9,13,0,12,0,5,7,10,0,29,24,18,20,35,35,50,11,33,0,0,0,17,5,30,22,54,54,54,49,79,37,39,47,47,47,69,20,25,12,12,12,14,14,17,17,32,31,38,43,70,70,70,70,157,56,155,147,199,109,225,265,243,249,202,8,8,8,8,8,8,8,8,0,0,0,0,0,0,0,0,0,0,0,0]} 1. d4 e6 2. Nf3 Nf6 3. g3 c5 4. c3 d5 5. Bg2 Be7 6. O-O O-O 7. Nbd2 Nc6 8. Re1 b6 9. Ne5 Bb7 10. Nxc6 {A47: 1 d4 Nf6 2 Nf3 b6: Torre, London and Colle Systems.} Bxc6 11. dxc5 Bxc5 12. Nb3 {[#]} Bd6 $146 ({Predecessor:} 12... Be7 13. Nd4 Bb7 14. a4 a6 15. h3 h6 16. Nb3 Rc8 17. a5 b5 18. Be3 Nd7 {0-1 (44) Loukili,A (2108)-Shchekachev,A (2546) France 2010}) 13. Bg5 Be7 14. Bxf6 Bxf6 15. e4 dxe4 16. Bxe4 Qc7 17. Qf3 Bxe4 18. Qxe4 Rad8 19. Rad1 Rd7 (19... g6 {is more complex.} 20. Qf3 Bg7 21. Qe4 h5 22. Kg2 Bf6) 20. Rxd7 Qxd7 21. Re2 Qd1+ 22. Re1 Qd7 23. Re2 Qb5 24. Rd2 a5 25. Nd4 Qc4 26. Qc6 Qxa2 27. Qxb6 a4 28. Kg2 h6 29. Nf3 Qc4 30. Rd7 Qe4 31. Qb7 Qc4 32. Nd2 Qe2 33. Nf3 e5 34. Nd2 Bg5 35. Qf3 Qb5 36. Rb7 Qa6 37. Ne4 Bc1 (37... Qxb7 $2 {loses.} 38. Nf6+ $1 {[%mdl 512]} gxf6 39. Qxb7 $18) 38. Nc5 Qc4 39. Nd7 Re8 40. Nb6 Qe6 41. Qd5 {Hoping for Qxe6.} (41. Qe4 {keeps more tension.} Bxb2 42. Nxa4 Ba3 43. Rb6 Qd7 44. Rb3) 41... Qxd5+ 42. Nxd5 $11 {[%mdl 4096] Endgame KRB-KRN} Rd8 43. c4 Kh7 44. Kf3 Rc8 45. Nb6 ({Much worse is} 45. Rxf7 Bxb2 46. Ra7 Rxc4 $17) 45... Rc6 46. Nxa4 {And now c5 would win.} (46. Ke4 $5 {[%cal Re4d5]}) 46... Rxc4 47. b3 e4+ 48. Ke2 Rd4 49. Rxf7 (49. Rc7 $5 {[%cal Rc7c1]} Ba3 50. Rxf7 $16) 49... Rd2+ 50. Ke1 e3 51. fxe3 {aiming for Rc7.} Rxh2 52. e4 h5 53. Nc5 h4 54. gxh4 Rxh4 55. b4 Kg6 56. Rf3 {Threatens to win with Ke2.} Bf4 57. Ke2 Kh5 ({Black should try} 57... Kf6 $14) 58. Nd3 (58. b5 $16) 58... Bd6 (58... g5 $14) 59. Ke3 $16 g5 60. Rf6 (60. b5 $18) 60... Bb8 (60... Bh2 $16) 61. b5 $18 Rh1 {[#]} 62. Kd4 $1 Rb1 63. b6 $2 (63. Kc4 $18) 63... g4 $11 {The position is equal.} 64. Kc5 g3 {Strongly threatening ...g2.} 65. e5 Bxe5 $1 66. Nxe5 {KRN-KR} g2 67. Nf3 {Rf4 is the strong threat.} Rf1 {White must now prevent ...Rxf3!} 68. Rf5+ Kg4 {[%mdl 64] Double Attack} 69. Rg5+ Kxf3 70. b7 Rc1+ 71. Kd6 Rd1+ 72. Kc7 Rc1+ {Accuracy: White = 85%, Black = 82%.} 1/2-1/2

[Event "Zalakaros Barczay Memorial 2020"]
[Site "Zalakaros"]
[Date "2020.09.03"]
[Round "4.4"]
[White "Pasti, Aron"]
[Black "Biro, Sandor"]
[Result "1-0"]
[WhiteElo "2270"]
[BlackElo "2141"]
[Annotator "TA"]
[PlyCount "81"]
[EventDate "2020.08.31"]
[EventType "swiss"]
[EventCountry "HUN"]
[SourceTitle "playchess.com"]
[Source "ChessBase"]
[SourceQuality "1"]

{[%evp 17,81,35,39,40,51,44,52,50,74,22,22,22,22,0,15,20,19,19,41,39,44,37,59,57,52,36,45,37,52,42,52,39,64,35,65,54,56,54,43,43,55,45,91,57,110,67,70,0,68,4,1,0,485,483,472,470,434,380,367,370,1339,1325,1239,1223,1166,1164]} 1. e4 e5 2. Nf3 Nc6 3. Bb5 g6 4. c3 a6 5. Ba4 d6 6. d4 Bd7 7. Bg5 f6 8. Be3 Nh6 9. O-O Bg7 10. Re1 {C76: Ruy Lopez: Deferred Steinitz: 5 c3 Bd7 6 d4 g6.} Nf7 11. Nbd2 O-O 12. Bb3 {White is slightly better.} Qe7 {[#]} 13. dxe5 $146 (13. a4 $16) ({Predecessor:} 13. h3 Kh8 14. Nf1 Ncd8 15. Ng3 Ne6 16. Qd2 Rae8 17. a4 Bc8 18. a5 Rd8 19. h4 {½-½ (61) Zhao,Z (2543)-Bogdanovich,S (2564) Sanya 2017}) 13... fxe5 $11 14. Ng5 Ncd8 $1 15. f3 Kh8 (15... Bh6 $5 {[%cal Rh6g5]} 16. Nxf7 Bxe3+ 17. Rxe3 Nxf7 $11) 16. Nxf7+ Nxf7 17. Nf1 {[%cal Bd2f1,Bf1e3,Be3d5][%mdl 32]} h6 18. Bf2 Ng5 19. Ne3 Rae8 20. Nd5 Qd8 21. Qe2 Ne6 22. Rad1 g5 23. Be3 Rf7 24. Qd2 Rg8 25. Kh1 Bf8 26. Rf1 Rg6 27. Bg1 Rh7 28. Ne3 h5 29. Nf5 $36 {[%mdl 2048] White has good play.} g4 30. f4 exf4 (30... Nxf4 $14 31. Rxf4 exf4) 31. Bxe6 Rxe6 32. Qxf4 (32. Rxf4 $14 c5 33. Rdf1) 32... Rf7 (32... Kg8 $11) 33. Bd4+ (33. Qd2 $14) 33... Kh7 34. Qd2 Rxe4 $2 {[%mdl 8192]} (34... c5 $11 {and Black is okay.} 35. Bf2 Bb5) 35. Ng3 $1 $18 {[%csl LRe4,LRf7,LRh5][%mdl 64] [#] Double Attack} Rxf1+ 36. Rxf1 Re6 {Black wants to play ...c5.} 37. Qd3+ Kg8 38. Nxh5 {Black must now prevent Nf6+.} Be7 $2 {[#]} (38... Qe8) 39. Nf6+ $1 {[%mdl 576] Decoy. White is clearly winning.} Rxf6 40. Rxf6 Bxf6 41. Qg6+ {[%mdl 64] Double Attack. Accuracy: White = 79%, Black = 70%.} 1-0

[Event "Zalakaros Barczay Memorial 2020"]
[Site "Zalakaros"]
[Date "2020.09.03"]
[Round "4.5"]
[White "Hardicsay, Peter"]
[Black "Farkas, Otto Jr."]
[Result "1/2-1/2"]
[WhiteElo "2196"]
[BlackElo "2054"]
[Annotator "TA"]
[PlyCount "50"]
[EventDate "2020.08.31"]
[EventType "swiss"]
[EventCountry "HUN"]
[SourceTitle "playchess.com"]
[Source "ChessBase"]
[SourceQuality "1"]

{[%evp 17,50,34,43,28,20,10,38,27,19,29,19,20,39,27,31,0,12,12,14,10,10,12,14,0,20,-16,-11,-8,12,-13,19,0,49,52,59]} 1. e4 Nf6 2. e5 Nd5 3. c4 Nb6 4. d4 d6 5. exd6 cxd6 6. Nc3 g6 7. Be3 Bg7 8. Rc1 O-O 9. b3 Bf5 10. Nge2 {10.Be2 is the modern continuation. B03: Alekhine's Defence: Four Pawns Attack.} d5 11. c5 Nc8 12. g3 Bg4 13. Bg2 Bxe2 14. Nxe2 Nc6 {[#]} 15. O-O $146 ({Predecessor:} 15. Qd2 e6 16. Bh6 Bxh6 17. Qxh6 Qf6 18. Qd2 N8e7 19. O-O b6 20. cxb6 axb6 21. a4 {½-½ (46) Lobzhanidze,D (2428)-Schuh,D (2395) Germany 2019}) 15... e6 16. b4 N8e7 17. Rb1 Nf5 18. Qd3 Re8 19. Rfd1 Qe7 20. a3 Rad8 21. Bh3 (21. b5 {looks sharper.} Na5 22. Bf4 Nc4 23. a4 h6 24. h4) 21... Nxe3 22. Qxe3 Qc7 23. f4 Kh8 24. Bg2 f6 25. Qf2 Rf8 {Accuracy: White = 81%, Black = 82%.} 1/2-1/2